| 000 | 00760nam a22002297a 4500 | ||
|---|---|---|---|
| 999 |
_c158661 _d158661 |
||
| 005 | 20181110150730.0 | ||
| 010 | _aENG-124471 | ||
| 020 |
_a9789352869145 _c675.00 |
||
| 035 | _aEN-108003 | ||
| 037 | _bDBAD/PUB | ||
| 082 | _a000 | ||
| 100 | _aKhattar, Dinesh | ||
| 245 |
_aQuantitative aptitude: _bfor competitive examinations / _cby Dinesh Khattar; ed. by Sharel Simon [and] G. Sharmilee |
||
| 250 | _a2nd ed. | ||
| 260 |
_aNew Delhi _bPearson _c2018 |
||
| 270 |
_a14 Local Shopping Centre, Panchsheel Park _bNew Delhi _e110017 |
||
| 300 |
_axxiv,480p. _c27cm. (pbk) _bill. |
||
| 500 | _aIt includes Brand and Company Index and subject Index | ||
| 700 | _a Simon, Sharel | ||
| 700 | _aSharmilee, G. | ||
| 942 |
_2ddc _cEN _h000 _mKHA |
||